| 000 | 01220nam a2200349 i 4500 | ||
|---|---|---|---|
| 003 | EG-GICUC | ||
| 005 | 20260225215730.0 | ||
| 008 | 260225s1992 us ||||fr|||| 00| 0 eng d | ||
| 020 | _a0963546503 | ||
| 040 |
_aEG-GiCUC _beng _cEG-GiCUC _dEG-GiCUC _erda |
||
| 041 | _aeng | ||
| 082 | 0 | 4 |
_221 _a341.23 _bTR.I |
| 092 | 0 | 4 | _221 |
| 099 | _aLaw1 11 341.23 TR.I 1992 | ||
| 100 | 1 |
_aTrolldalen , Jon Martin _eAuthor. |
|
| 245 |
_aInternational Environmental Conflict Resolution : _bThe Role Of The United Nations . _c Jon Martin Trolldalen . |
||
| 264 |
_aWashington : _bWorld Foundation for Environment and Development , _c1992. |
||
| 264 |
_aNew York : _bUnited Nations Institute for Traming and Research , _c1992. |
||
| 264 |
_aWashington : _bNational Institute for Dispute Resolution , _c1992. |
||
| 300 |
_a199 pages , _c24 cm |
||
| 336 |
_2rda content _atext |
||
| 337 |
_2rda media _aComputer |
||
| 338 |
_2rda carrier _aOnline Resource |
||
| 546 | _aText in English | ||
| 650 | 1 | _aInternational community | |
| 650 | 1 | _aUnited Nations | |
| 650 | 1 | _aPublic international law | |
| 651 | 1 | _2qrmak | |
| 856 | 4 | 0 | _uhttps://fll.law.cu.edu.eg/fulltext/bks/B11-06947.pdf |
| 905 | _a60 | ||
| 942 |
_2ddc _cBK _e21 _n0 |
||
| 999 |
_c64236 _d64236 |
||